ARRUPE JESUIT UNIVERSITY

CORONAVIRUS -STOP THE SPREAD - CLEAN,DISINFECT,COVER
Normal view MARC view

Entry Personal Name

Number of records used in: 1

001 - CONTROL NUMBER

  • control field: 52403

003 - CONTROL NUMBER IDENTIFIER

  • control field: ARRUPE

005 - DATE AND TIME OF LATEST TRANSACTION

  • control field: 20240208113626.0

008 - FIXED-LENGTH DATA ELEMENTS

  • fixed length control field: 240208|| aca||aabn | a|a d

040 ## - CATALOGING SOURCE

  • Original cataloging agency: ARRUPE
  • Transcribing agency: ARRUPE

100 ## - HEADING--PERSONAL NAME

  • Personal name: Dietrich, Otto,
  • Dates associated with a name: 1897-1952

670 ## - SOURCE DATA FOUND

  • Source citation: Work cat.: (ARRUPE)131784: Dietrich, Otto, 1897-1952., The Hitler I knew :, c2010.

 

Arrupe Library. PO Box MP320 Mt Pleasant, Harare, Zimbabwe
263 242 745411|librarian@aju.ac.zw